Športový produkt ako súčasť marketingového mixu bakalárska práca

Gespeichert in:
Bibliographische Detailangaben
1. Verfasser: Pivko, Michal
Körperschaft: Obchodná fakulta EU. Katedra marketingu
Weitere Verfasser: Šupák, Juraj
Format: Buch
Sprache:Slowakisch
Veröffentlicht: Bratislava 2017
Tags: Tag hinzufügen
Keine Tags, Fügen Sie das erste Tag hinzu!

MARC

LEADER 00000nbm a2200000 4500
001 0232732
005 20170920132352.4
041 0 |a slo 
044 |a SK 
245 1 0 |a Športový produkt ako súčasť marketingového mixu  |b bakalárska práca  |c Michal Pivko ; školiteľ: Juraj Šupák 
264 1 |a Bratislava  |c 2017 
300 |a 62 s. 
100 1 |a Pivko, Michal 
700 1 |a Šupák, Juraj 
710 2 |a Obchodná fakulta EU. Katedra marketingu